Universitäten, die Physik anbieten - Statistiken

Allgemein
  • Dieses Quiz wurde 127 mal gespielt
  • Das Durchschnittsergebnis liegt bei 40 aus 55
Antwortstatistiken
Bundesland Universität % Korrekt
Technische Universität Berlin
95%
Bayern Technische Universität München
94%
Freie Universität Berlin
93%
Humboldt-Universität zu Berlin
92%
Baden-Württemberg Universität Stuttgart
92%
Sachsen Technische Universität Dresden
91%
Schleswig-Holstein Christian-Albrechts-Universität zu Kiel
88%
Bayern Ludwig-Maximilians-Universität München
88%
Sachsen Universität Leipzig
87%
Nordrhein-Westfalen Universität zu Köln
87%
Hessen Goethe-Universität Frankfurt am Main
86%
Nordrhein-Westfalen Technische Universität Dortmund
85%
Universität Hamburg
85%
Niedersachsen Gottfried Wilhelm Leibniz Universität Hannover
83%
Saarland Universität des Saarlandes
83%
Brandenburg Universität Potsdam
83%
Nordrhein-Westfalen Heinrich-Heine-Universität Düsseldorf
82%
Bayern Friedrich-Alexander-Universität Erlangen-Nürnberg
81%
Nordrhein-Westfalen Rheinisch-Westfälische Technische Hochschule Aachen
81%
Universität Bremen
81%
Nordrhein-Westfalen Universität Duisburg-Essen
80%
Rheinland-Pfalz Johannes Gutenberg-Universität Mainz
78%
Sachsen-Anhalt Otto-von-Guericke-Universität Magdeburg
77%
Nordrhein-Westfalen Rheinische Friedrich-Wilhelms-Universität Bonn
77%
Baden-Württemberg Ruprecht-Karls-Universität Heidelberg
76%
Mecklenburg-Vorpommern Universität Rostock
76%
Baden-Württemberg Albert-Ludwigs-Universität Freiburg
75%
Thüringen Friedrich-Schiller-Universität Jena
74%
Baden-Württemberg Universität Ulm
74%
Sachsen Technische Universität Chemnitz
73%
Baden-Württemberg Karlsruher Institut für Technologie
72%
Nordrhein-Westfalen Ruhr-Universität Bochum
72%
Nordrhein-Westfalen Universität Münster
70%
Bayern Universität Augsburg
69%
Niedersachsen Georg-August-Universität Göttingen
67%
Nordrhein-Westfalen Universität Bielefeld
67%
Bayern Universität Regensburg
67%
Niedersachsen Technische Universität Carolo-Wilhelmina zu Braunschweig
66%
Sachsen-Anhalt Martin-Luther-Universität Halle-Wittenberg
63%
Hessen Universität Kassel
63%
Hessen Technische Universität Darmstadt
62%
Niedersachsen Universität Osnabrück
61%
Rheinland-Pfalz Rheinland-Pfälzische Technische Universität Kaiserslautern-Landau
60%
Bayern Julius-Maximilians-Universität Würzburg
59%
Brandenburg Brandenburgische Technische Universität Cottbus-Senftenberg
58%
Hessen Justus-Liebig-Universität Gießen
55%
Niedersachsen Carl von Ossietzky Universität Oldenburg
54%
Baden-Württemberg Eberhard Karls Universität Tübingen
54%
Hessen Philipps-Universität Marburg
53%
Nordrhein-Westfalen Universität Paderborn
53%
Nordrhein-Westfalen Bergische Universität Wuppertal
49%
Mecklenburg-Vorpommern Universität Greifswald
46%
Bayern Universität Bayreuth
45%
Baden-Württemberg Universität Konstanz
45%
Nordrhein-Westfalen Universität Siegen
42%
Keine übereinstimmenden Quizze gefunden
Verteilung der Resultate
Anzahl Personen mit jedem Resultat
Perzentil nach korrekt beantworteten Fragen
Ihre Resultats-Entwicklung
Sie haben dieses Quiz noch nicht gespielt